NATO in the new European order

Bibliographic Details
Main Authors: Carr, Fergus (Author), Ifantis, Kostas (Author)
Format: Book
Language:English
PhysicalDescription:xiii, 178 strán 22 cm
Published: Hampshire Macmillan Press 1996
ISBN:0333647459
Edition:1st edit.
Subjects:

MARC

LEADER 00000cam a2200000 a 4500
001 vtls001472052
003 SK-MaSNL
005 20260426012633.0
008 240226s1996 xxk grn 001 0 eng
015 |a SNBZSA2003-00282 
020 |a 0333647459 
035 |a SNK000427354 
035 |a urn:nbn:sk:snk-am3j2d3 
035 |a CA95957B-B477-4382-B028-43A2F48C6B90 
035 |a urn:nbn:sk:snk-am00gfox 
040 |a SNK  |b slo  |c SNK  |e AACR2 
041 0 |a eng 
043 |a ec-----  |a ee----- 
044 |a xxk  |c UK 
072 7 |a 327  |x Medzinárodné vzťahy, svetová politika  |2 konspekt 
080 |a 327.51(100)=111  |2 1997 
080 |a 355:061.1=111  |2 1997 
080 |a 327.5  |2 2011 
080 |a 355.4:341.79  |2 2011 
080 |a (4-191.2)  |2 2011 
080 |a (4‑11)  |2 2011 
080 |a (048.8)  |2 2011 
100 1 |a Carr, Fergus  |4 aut  |9 395265 
245 1 0 |a NATO in the new European order  |c Fergus Carr, Kostas Ifantis 
250 |a 1st edit. 
260 |a Hampshire  |b Macmillan Press  |c 1996 
300 |a xiii, 178 strán  |c 22 cm 
504 |a Bibliografia na strane 159-170 ; register 
610 2 7 |a NATO  |2 SNKKA  |9 33599 
650 0 7 |a medzinárodná bezpečnosť  |2 SNKPH  |9 2672 
650 0 7 |a mierové operácie  |2 SNKPH  |9 68641 
651 7 |a Európa stredná  |2 SNKPHgeo  |9 23970 
651 7 |a Európa východná  |2 SNKPHgeo  |9 167635 
655 7 |a monografie  |2 SNKPH  |9 70139 
700 1 |a Ifantis, Kostas  |4 aut  |9 707460 
919 |a 0-333-64745-9 
958 |a ZS 
958 |a NB 
999 |c 1101840  |d 1103770 
952 |t P60, <03>, [BOOK], {603}  |a SNK  |b SNK  |y PREZ  |7 0  |p 17A0422471  |o snkSC 115289  |i snkK 938/2003  |g 136.49  |0 0  |1 0  |4 0  |d 2004-03-26  |f 1  |l 0  |r 2025-10-03 00:00:00  |w 2026-02-24